Zhodnotenie Lisabonskej stratégie

Obnovená Lisabonská stratégia. Hodnotiaca správa Wima Koka o stave plnenia a dosiahnutých výsledkoch Lisabonskej stratégie. Zhodnotenie Lisabonskej stratégie.

Saved in:
Bibliographic Details
Main Author: Lukáčová, Ivona
Format: Book Chapter
Language:Slovak
Subjects:
Tags: Add Tag
No Tags, Be the first to tag this record!

MARC

LEADER 00000nla a2200000 4500
001 0163149
005 20240502072829.5
041 0 |a slo 
044 |a SK 
245 1 0 |a Zhodnotenie Lisabonskej stratégie  |c Ivona Lukáčová 
520 |a Obnovená Lisabonská stratégia. Hodnotiaca správa Wima Koka o stave plnenia a dosiahnutých výsledkoch Lisabonskej stratégie. Zhodnotenie Lisabonskej stratégie. 
610 2 0 |a Európska únia 
610 2 0 |a zmluvy medzinárodné 
610 2 0 |a spolupráca hospodárska medzinárodná 
100 1 |a Lukáčová, Ivona